[Event "World Youth & Cadets Blitz Championships"]
[Site "Rhodes, Greece"]
[Date "2022.05.03"]
[Round "7.26"]
[White "Filindash, Nikita"]
[Black "Zhao, George"]
[Result "1-0"]
[TimeControl "5'/game & 2\"/move"]
[WhiteElo "1279"]
[BlackElo "1532"]

1. d4 {[%clk 00:05:04]} {[%emt 00:02:05]} e6 {[%clk 00:05:03]} 2. c4 {[%clk
00:05:05]} Nf6 {[%clk 00:05:04]} 3. Nc3 {[%clk 00:05:06]} {[%emt 00:00:01]} Bb4
{[%clk 00:05:04]} {[%emt 00:00:02]} 4. e3 {[%clk 00:05:06]} {[%emt 00:00:02]}
c5 {[%clk 00:05:06]} 5. Nge2 {[%clk 00:05:05]} {[%emt 00:00:03]} Nc6 {[%clk
00:05:06]} {[%emt 00:00:02]} 6. a3 {[%clk 00:05:06]} {[%emt 00:00:02]} Bxc3+
{[%clk 00:05:02]} {[%emt 00:00:05]} 7. Nxc3 {[%clk 00:05:07]} {[%emt 00:00:02]}
cxd4 {[%clk 00:05:02]} {[%emt 00:00:02]} 8. exd4 {[%clk 00:05:08]} O-O {[%clk
00:05:00]} {[%emt 00:00:04]} 9. Be2 {[%clk 00:05:09]} {[%emt 00:00:01]} Qb6
{[%clk 00:04:58]} {[%emt 00:00:03]} 10. d5 {[%clk 00:04:46]} {[%emt 00:00:25]}
exd5 {[%clk 00:04:51]} {[%emt 00:00:09]} 11. cxd5 {[%clk 00:04:47]} {[%emt
00:00:01]} Nd4 {[%clk 00:04:33]} {[%emt 00:00:21]} 12. Be3 {[%clk 00:04:43]}
{[%emt 00:00:06]} Qxb2 {[%clk 00:03:54]} {[%emt 00:00:40]} 13. Bxd4 {[%clk
00:04:44]} Re8 {[%clk 00:03:44]} {[%emt 00:00:12]} 14. O-O {[%clk 00:04:40]}
{[%emt 00:00:07]} Rb8 {[%clk 00:03:37]} {[%emt 00:00:09]} 15. Ne4 {[%clk
00:03:54]} {[%emt 00:00:48]} Qxa1 {[%clk 00:03:22]} {[%emt 00:00:16]} 16. Nxf6+
{[%clk 00:03:55]} {[%emt 00:00:02]} gxf6 {[%clk 00:03:23]} {[%emt 00:00:01]} 17.
Bxa1 {[%clk 00:03:55]} {[%emt 00:00:02]} d6 {[%clk 00:03:23]} {[%emt 00:00:02]}
18. Bg4 {[%clk 00:03:52]} {[%emt 00:00:04]} f5 {[%clk 00:03:24]} {[%emt
00:00:02]} 19. Bh5 {[%clk 00:03:40]} {[%emt 00:00:14]} Bd7 {[%clk 00:03:24]}
{[%emt 00:00:02]} 20. Qd4 {[%clk 00:03:40]} {[%emt 00:00:03]} Re5 {[%clk
00:03:21]} {[%emt 00:00:04]} 21. f4 {[%clk 00:03:38]} {[%emt 00:00:04]} f6
{[%clk 00:03:16]} {[%emt 00:00:07]} 22. fxe5 {[%clk 00:03:37]} {[%emt
00:00:02]} fxe5 {[%clk 00:03:17]} {[%emt 00:00:02]} 23. Qh4 {[%clk 00:03:37]}
{[%emt 00:00:02]} Rf8 {[%clk 00:03:15]} {[%emt 00:00:04]} 24. Qg5+ {[%clk
00:03:36]} {[%emt 00:00:03]} Kh8 {[%clk 00:03:13]} {[%emt 00:00:04]} 25. Qe7
{[%clk 00:03:36]} Rg8 {[%clk 00:03:08]} {[%emt 00:00:07]} 26. Qxd7 {[%clk
00:03:31]} {[%emt 00:00:07]} Rg7 {[%clk 00:03:08]} {[%emt 00:00:03]} 27. Qd8+
{[%clk 00:03:23]} {[%emt 00:00:10]} Rg8 {[%clk 00:03:08]} {[%emt 00:00:02]} 28.
Qf6+ {[%clk 00:03:24]} {[%emt 00:00:02]} Rg7 {[%clk 00:03:09]} 29. Rxf5 {[%clk
00:03:22]} {[%emt 00:00:04]} h6 {[%clk 00:03:10]} {[%emt 00:00:01]} 30. Qxh6+
{[%clk 00:03:22]} {[%emt 00:00:03]} Kg8 {[%clk 00:03:11]} 31. Bxe5 {[%clk
00:03:09]} {[%emt 00:00:15]} dxe5 {[%clk 00:03:09]} {[%emt 00:00:04]} 32. Bf7+
{[%clk 00:03:05]} {[%emt 00:00:06]} Kf8 {[%clk 00:03:01]} {[%emt 00:00:10]} 33.
Qh8+ {[%clk 00:03:05]} {[%emt 00:00:02]} Ke7 {[%clk 00:03:02]} {[%emt
00:00:01]} 34. Qxg7 {[%clk 00:03:02]} {[%emt 00:00:05]} Kd6 {[%clk 00:03:03]}
35. Qxe5+ {[%clk 00:03:00]} {[%emt 00:00:03]} Kc5 {[%clk 00:03:04]} {[%emt
00:00:01]} 36. d6+ {[%clk 00:03:01]} {[%emt 00:00:02]} Kc6 {[%clk 00:03:02]}
{[%emt 00:00:03]} 37. Qc5+ {[%clk 00:03:00]} {[%emt 00:00:03]} Kd7 {[%emt
00:00:11]} 38. Qc7# {[%emt 00:00:04]} 1-0

[Event "World Youth & Cadets Blitz Championships"]
[Site "Rhodes, Greece"]
[Date "2022.05.03"]
[Round "7.28"]
[White "Pathak, Raghav"]
[Black "Vihaan, Anupam Agrawal"]
[Result "1-0"]
[TimeControl "5'/game & 2\"/move"]
[WhiteElo "1415"]
[BlackElo "1325"]

1. e4 {[%clk 00:05:03]} d5 {[%clk 00:05:03]} {[%emt 00:00:02]} 2. exd5 {[%clk
00:05:04]} {[%emt 00:00:01]} Nf6 {[%clk 00:05:03]} {[%emt 00:00:02]} 3. c4
{[%clk 00:05:04]} {[%emt 00:00:02]} c6 {[%clk 00:05:02]} {[%emt 00:00:03]} 4.
d4 {[%clk 00:04:44]} {[%emt 00:00:22]} cxd5 {[%clk 00:04:58]} {[%emt 00:00:07]}
5. c5 {[%clk 00:04:40]} {[%emt 00:00:04]} Nc6 {[%clk 00:04:50]} {[%emt
00:00:10]} 6. Nf3 {[%clk 00:04:41]} {[%emt 00:00:02]} Bf5 {[%clk 00:04:44]}
{[%emt 00:00:08]} 7. Nc3 {[%clk 00:04:41]} {[%emt 00:00:02]} a6 {[%clk
00:04:36]} {[%emt 00:00:10]} 8. Be2 {[%clk 00:04:35]} {[%emt 00:00:08]} e6
{[%clk 00:04:30]} {[%emt 00:00:08]} 9. O-O {[%clk 00:04:34]} {[%emt 00:00:03]}
Be7 {[%clk 00:04:31]} {[%emt 00:00:02]} 10. h3 {[%clk 00:04:31]} {[%emt
00:00:04]} O-O {[%clk 00:04:29]} {[%emt 00:00:03]} 11. Nh4 {[%clk 00:04:32]}
Bg6 {[%clk 00:04:22]} {[%emt 00:00:11]} 12. Nxg6 {[%clk 00:04:32]} {[%emt
00:00:02]} hxg6 {[%clk 00:04:22]} {[%emt 00:00:02]} 13. Bf4 {[%clk 00:04:28]}
{[%emt 00:00:06]} Re8 {[%clk 00:04:13]} {[%emt 00:00:12]} 14. Re1 {[%clk
00:04:16]} {[%emt 00:00:13]} Qd7 {[%clk 00:03:40]} {[%emt 00:00:35]} 15. Na4
{[%clk 00:04:15]} {[%emt 00:00:03]} Bd8 {[%clk 00:03:11]} {[%emt 00:00:29]} 16.
a3 {[%clk 00:04:05]} {[%emt 00:00:15]} Bc7 {[%clk 00:02:44]} {[%emt 00:00:29]}
17. Bg5 {[%clk 00:03:58]} {[%emt 00:00:08]} Ne4 {[%clk 00:02:21]} {[%emt
00:00:25]} 18. Be3 {[%clk 00:03:51]} {[%emt 00:00:06]} Rad8 {[%clk 00:01:46]}
{[%emt 00:00:40]} 19. f3 {[%clk 00:03:49]} {[%emt 00:00:02]} Ng3 {[%clk
00:01:15]} {[%emt 00:00:36]} 20. f4 {[%clk 00:03:34]} {[%emt 00:00:15]} Nf5
{[%clk 00:01:02]} {[%emt 00:00:16]} 21. Bd2 {[%clk 00:03:28]} {[%emt 00:00:07]}
Ncxd4 {[%clk 00:00:47]} {[%emt 00:00:19]} 22. Bc3 {[%clk 00:03:27]} {[%emt
00:00:02]} Nc6 {[%clk 00:00:37]} {[%emt 00:00:13]} 23. Nb6 {[%clk 00:03:14]}
{[%emt 00:00:15]} Bxb6 {[%clk 00:00:27]} {[%emt 00:00:11]} 24. cxb6 {[%clk
00:03:14]} {[%emt 00:00:02]} d4 {[%clk 00:00:24]} {[%emt 00:00:06]} 25. Bd2
{[%clk 00:03:11]} {[%emt 00:00:04]} e5 {[%clk 00:00:13]} {[%emt 00:00:13]} 26.
fxe5 {[%clk 00:03:11]} {[%emt 00:00:02]} Nxe5 {[%clk 00:00:11]} {[%emt
00:00:04]} 27. Bg4 {[%clk 00:03:05]} {[%emt 00:00:06]} Nxg4 {[%clk 00:00:08]}
{[%emt 00:00:07]} 28. Qxg4 {[%clk 00:03:04]} {[%emt 00:00:03]} Ne3 {[%clk
00:00:00]} {[%emt 00:00:08]} 29. Qxd7 {[%clk 00:03:04]} {[%emt 00:00:20]} 1-0

[Event "World Youth & Cadets Blitz Championships"]
[Site "Rhodes, Greece"]
[Date "2022.05.03"]
[Round "7.29"]
[White "Kukushkin, Ivan"]
[Black "Jakhria, Kushal"]
[Result "0-1"]
[TimeControl "5'/game & 2\"/move"]
[WhiteElo "1662"]
[BlackElo "1367"]

1. c4 {[%clk 00:04:57]} {[%emt 00:00:06]} c5 {[%clk 00:05:04]} {[%emt
00:00:02]} 2. Nc3 {[%clk 00:04:58]} {[%emt 00:00:01]} Nc6 {[%clk 00:05:06]}
{[%emt 00:00:01]} 3. Nf3 {[%clk 00:04:58]} {[%emt 00:00:01]} g6 {[%clk
00:05:07]} 4. e3 {[%clk 00:04:57]} {[%emt 00:00:03]} Bg7 {[%clk 00:05:00]}
{[%emt 00:00:09]} 5. d4 {[%clk 00:04:57]} {[%emt 00:00:02]} cxd4 {[%clk
00:05:01]} {[%emt 00:00:02]} 6. exd4 {[%clk 00:04:57]} {[%emt 00:00:01]} e6
{[%clk 00:05:03]} 7. Be2 {[%clk 00:04:56]} {[%emt 00:00:03]} Nge7 {[%clk
00:05:02]} {[%emt 00:00:03]} 8. O-O {[%clk 00:04:55]} {[%emt 00:00:04]} O-O
{[%clk 00:05:03]} {[%emt 00:00:01]} 9. Be3 {[%clk 00:04:55]} {[%emt 00:00:02]}
Nf5 {[%clk 00:05:03]} {[%emt 00:00:02]} 10. Qd2 {[%clk 00:04:55]} {[%emt
00:00:02]} Re8 {[%clk 00:04:53]} {[%emt 00:00:11]} 11. Rad1 {[%clk 00:04:53]}
{[%emt 00:00:04]} d5 {[%clk 00:04:49]} {[%emt 00:00:06]} 12. c5 {[%clk
00:04:54]} {[%emt 00:00:01]} b6 {[%clk 00:03:58]} {[%emt 00:00:54]} 13. cxb6
{[%clk 00:04:52]} {[%emt 00:00:04]} axb6 {[%clk 00:03:59]} {[%emt 00:00:01]} 14.
a3 {[%clk 00:04:53]} {[%emt 00:00:01]} Na5 {[%clk 00:03:58]} {[%emt 00:00:03]}
15. Qc2 {[%clk 00:04:51]} {[%emt 00:00:03]} Bd7 {[%clk 00:03:47]} {[%emt
00:00:13]} 16. Bd3 {[%clk 00:04:44]} {[%emt 00:00:09]} Nxe3 {[%clk 00:03:47]}
{[%emt 00:00:03]} 17. fxe3 {[%clk 00:04:43]} {[%emt 00:00:03]} Rc8 {[%clk
00:03:45]} {[%emt 00:00:04]} 18. Qe2 {[%clk 00:04:33]} {[%emt 00:00:12]} Qe7
{[%clk 00:03:36]} {[%emt 00:00:10]} 19. b4 {[%clk 00:04:21]} {[%emt 00:00:14]}
Rxc3 {[%clk 00:03:30]} {[%emt 00:00:09]} 20. bxa5 {[%clk 00:04:21]} {[%emt
00:00:02]} bxa5 {[%clk 00:03:31]} 21. Rc1 {[%clk 00:04:06]} {[%emt 00:00:15]}
Qxa3 {[%clk 00:03:30]} {[%emt 00:00:04]} 22. Rxc3 {[%clk 00:04:07]} {[%emt
00:00:02]} Qxc3 {[%emt 00:00:02]} 23. Ng5 {[%clk 00:04:04]} {[%emt 00:00:03]}
f6 {[%clk 00:03:30]} {[%emt 00:00:03]} 24. Bb5 {[%clk 00:03:47]} {[%emt
00:00:19]} Bxb5 {[%clk 00:03:13]} {[%emt 00:00:19]} 25. Qxb5 {[%clk 00:03:47]}
{[%emt 00:00:03]} Qxe3+ {[%clk 00:03:14]} 26. Kh1 {[%clk 00:03:47]} {[%emt
00:00:02]} Rf8 {[%emt 00:00:18]} 27. Nf3 {[%clk 00:03:33]} Qc3 {[%clk
00:02:17]} {[%emt 00:00:59]} 28. Qd7 {[%clk 00:03:27]} {[%emt 00:00:07]} Qc8
{[%clk 00:02:15]} {[%emt 00:00:05]} 29. Qb5 {[%clk 00:03:23]} {[%emt 00:00:05]}
Qc4 {[%clk 00:02:15]} {[%emt 00:00:02]} 30. Qb1 {[%clk 00:03:19]} {[%emt
00:00:07]} a4 {[%clk 00:02:15]} {[%emt 00:00:02]} 31. Rc1 {[%clk 00:03:20]} Qa6
{[%clk 00:02:14]} {[%emt 00:00:03]} 32. Qa2 {[%clk 00:03:10]} {[%emt 00:00:11]}
Bh6 {[%clk 00:02:11]} {[%emt 00:00:04]} 33. Re1 {[%clk 00:03:06]} {[%emt
00:00:07]} Rc8 {[%clk 00:02:08]} {[%emt 00:00:05]} 34. h3 {[%clk 00:03:03]}
{[%emt 00:00:05]} Rc3 {[%clk 00:02:06]} {[%emt 00:00:05]} 35. Rb1 {[%clk
00:02:57]} {[%emt 00:00:08]} Rc1+ {[%clk 00:01:52]} {[%emt 00:00:16]} 36. Rxc1
{[%clk 00:02:56]} {[%emt 00:00:03]} Bxc1 {[%clk 00:01:52]} {[%emt 00:00:01]} 37.
Qc2 {[%clk 00:02:57]} {[%emt 00:00:01]} Qc4 {[%clk 00:01:52]} {[%emt 00:00:03]}
38. Qb1 {[%clk 00:02:52]} {[%emt 00:00:07]} Bf4 {[%clk 00:01:48]} {[%emt
00:00:06]} 39. Qa1 {[%clk 00:02:40]} {[%emt 00:00:14]} Qc1+ {[%clk 00:01:47]}
{[%emt 00:00:03]} 40. Qxc1 {[%clk 00:02:39]} {[%emt 00:00:02]} Bxc1 {[%clk
00:01:49]} 41. Ne1 {[%clk 00:02:38]} {[%emt 00:00:04]} a3 {[%clk 00:01:50]}
{[%emt 00:00:02]} 42. Nd3 {[%clk 00:02:37]} {[%emt 00:00:02]} a2 {[%clk
00:01:48]} {[%emt 00:00:03]} 43. Nxc1 {[%clk 00:02:37]} {[%emt 00:00:02]} a1=Q
{[%emt 00:00:04]} 44. Kh2 {[%clk 00:02:38]} Qxc1 {[%clk 00:01:47]} {[%emt
00:00:02]} 45. g4 {[%clk 00:02:37]} {[%emt 00:00:03]} e5 {[%clk 00:01:47]}
{[%emt 00:00:02]} 46. dxe5 {[%clk 00:02:36]} {[%emt 00:00:03]} fxe5 {[%clk
00:01:49]} 47. Kg3 {[%clk 00:02:36]} {[%emt 00:00:03]} Qf4+ {[%emt 00:00:03]}
48. Kg2 {[%clk 00:02:36]} d4 {[%clk 00:01:51]} 49. h4 {[%clk 00:02:37]} d3
{[%clk 00:01:52]} {[%emt 00:00:01]} 50. h5 {[%clk 00:02:38]} d2 {[%clk
00:01:54]} 51. h6 {[%clk 00:02:39]} 0-1

[Event "World Youth & Cadets Blitz Championships"]
[Site "Rhodes, Greece"]
[Date "2022.05.03"]
[Round "7.31"]
[White "Katter, Katharina"]
[Black "Hryzlova, Sofiia"]
[Result "0-1"]
[TimeControl "5'/game & 2\"/move"]
[WhiteElo "1843"]
[BlackElo "2021"]

1. d4 {[%clk 00:05:03]} {[%emt 00:00:01]} Nf6 {[%clk 00:05:02]} {[%emt
00:00:02]} 2. Nf3 {[%clk 00:05:04]} {[%emt 00:00:02]} e6 {[%clk 00:05:03]}
{[%emt 00:00:01]} 3. e3 {[%clk 00:05:03]} {[%emt 00:00:03]} b6 {[%clk
00:05:03]} {[%emt 00:00:02]} 4. c4 {[%clk 00:05:02]} {[%emt 00:00:03]} Bb7
{[%clk 00:05:02]} {[%emt 00:00:02]} 5. Nc3 {[%clk 00:05:01]} {[%emt 00:00:03]}
d5 {[%clk 00:05:03]} {[%emt 00:00:02]} 6. cxd5 {[%clk 00:04:55]} {[%emt
00:00:07]} exd5 {[%clk 00:05:03]} {[%emt 00:00:02]} 7. Bd3 {[%clk 00:04:51]}
{[%emt 00:00:06]} a6 {[%clk 00:05:00]} {[%emt 00:00:05]} 8. O-O {[%clk
00:04:48]} {[%emt 00:00:05]} Bd6 {[%clk 00:05:00]} {[%emt 00:00:02]} 9. Re1
{[%clk 00:04:43]} {[%emt 00:00:06]} O-O {[%clk 00:04:55]} {[%emt 00:00:08]} 10.
e4 {[%clk 00:04:41]} {[%emt 00:00:04]} dxe4 {[%clk 00:04:47]} {[%emt 00:00:10]}
11. Nxe4 {[%clk 00:04:41]} {[%emt 00:00:02]} Nxe4 {[%clk 00:04:47]} {[%emt
00:00:02]} 12. Bxe4 {[%clk 00:04:41]} {[%emt 00:00:02]} Bxe4 {[%clk 00:04:43]}
{[%emt 00:00:06]} 13. Rxe4 {[%clk 00:04:41]} {[%emt 00:00:02]} Nc6 {[%clk
00:04:40]} {[%emt 00:00:05]} 14. Bg5 {[%clk 00:04:17]} {[%emt 00:00:26]} f6
{[%clk 00:04:35]} {[%emt 00:00:07]} 15. Qb3+ {[%clk 00:04:14]} {[%emt
00:00:05]} Kh8 {[%clk 00:04:35]} {[%emt 00:00:02]} 16. Bd2 {[%clk 00:04:04]}
{[%emt 00:00:12]} Qd7 {[%clk 00:04:31]} {[%emt 00:00:06]} 17. Rae1 {[%clk
00:03:39]} {[%emt 00:00:28]} Rae8 {[%clk 00:04:23]} {[%emt 00:00:09]} 18. d5
{[%clk 00:03:15]} {[%emt 00:00:25]} Ne5 {[%clk 00:04:12]} {[%emt 00:00:14]} 19.
Nd4 {[%clk 00:03:13]} {[%emt 00:00:04]} Bc5 {[%clk 00:03:55]} {[%emt 00:00:19]}
20. Bc3 {[%clk 00:02:47]} {[%emt 00:00:27]} Nd3 {[%clk 00:03:31]} {[%emt
00:00:27]} 21. Rxe8 {[%clk 00:02:29]} {[%emt 00:00:20]} Rxe8 {[%clk 00:03:32]}
{[%emt 00:00:01]} 22. Rd1 {[%clk 00:02:05]} {[%emt 00:00:26]} Nf4 {[%emt
00:00:37]} 23. Ne6 {[%clk 00:01:44]} {[%emt 00:00:23]} Nxe6 {[%clk 00:01:55]}
{[%emt 00:01:05]} 24. dxe6 {[%clk 00:01:45]} {[%emt 00:00:01]} Qc6 {[%clk
00:01:56]} 25. Qd5 {[%clk 00:01:20]} {[%emt 00:00:27]} Qxd5 {[%clk 00:01:40]}
{[%emt 00:00:17]} 26. Rxd5 {[%clk 00:01:21]} Bd6 {[%clk 00:01:41]} {[%emt
00:00:02]} 27. g3 {[%clk 00:00:50]} {[%emt 00:00:33]} Rxe6 {[%clk 00:01:37]}
{[%emt 00:00:05]} 28. Bb4 {[%clk 00:00:42]} {[%emt 00:00:10]} c5 {[%clk
00:01:33]} {[%emt 00:00:07]} 29. Bc3 {[%clk 00:00:38]} {[%emt 00:00:06]} g6
{[%clk 00:01:15]} {[%emt 00:00:20]} 30. Kg2 {[%clk 00:00:38]} {[%emt 00:00:02]}
Kg7 {[%clk 00:01:14]} 31. a4 {[%clk 00:00:33]} {[%emt 00:00:09]} Kf7 {[%emt
00:00:06]} 32. Kf3 {[%clk 00:00:24]} {[%emt 00:00:09]} Ke7 {[%clk 00:01:10]}
{[%emt 00:00:05]} 33. Rd2 {[%clk 00:00:19]} {[%emt 00:00:07]} Kd7 {[%clk
00:01:03]} {[%emt 00:00:08]} 34. Rd3 {[%clk 00:00:08]} {[%emt 00:00:14]} Kc6
{[%clk 00:01:02]} {[%emt 00:00:02]} 35. h4 {[%clk 00:00:07]} {[%emt 00:00:03]}
h5 {[%clk 00:00:59]} {[%emt 00:00:05]} 36. Kg2 {[%clk 00:00:04]} {[%emt
00:00:04]} Re4 {[%clk 00:00:53]} {[%emt 00:00:08]} 37. Bxf6 {[%clk 00:00:04]}
{[%emt 00:00:03]} Rxa4 {[%clk 00:00:53]} {[%emt 00:00:02]} 38. Bc3 {[%clk
00:00:04]} {[%emt 00:00:02]} Re4 {[%clk 00:00:52]} {[%emt 00:00:02]} 39. Rf3
{[%clk 00:00:04]} {[%emt 00:00:03]} Re6 {[%clk 00:00:52]} {[%emt 00:00:01]} 40.
Rf7 {[%clk 00:00:04]} {[%emt 00:00:03]} b5 {[%clk 00:00:51]} {[%emt 00:00:03]}
41. Rf6 {[%clk 00:00:04]} {[%emt 00:00:02]} Kd5 {[%clk 00:00:47]} {[%emt
00:00:06]} 42. Rxe6 {[%clk 00:00:04]} {[%emt 00:00:02]} Kxe6 {[%clk 00:00:47]}
{[%emt 00:00:02]} 43. Kf3 {[%emt 00:00:02]} Be5 {[%clk 00:00:47]} {[%emt
00:00:01]} 44. Ke4 {[%clk 00:00:03]} {[%emt 00:00:04]} Bxc3 {[%clk 00:00:47]}
{[%emt 00:00:03]} 45. bxc3 {[%clk 00:00:04]} b4 {[%clk 00:00:48]} {[%emt
00:00:02]} 46. cxb4 {[%clk 00:00:04]} {[%emt 00:00:02]} cxb4 {[%clk 00:00:48]}
{[%emt 00:00:01]} 47. Kd4 {[%clk 00:00:05]} {[%emt 00:00:02]} a5 {[%clk
00:00:48]} {[%emt 00:00:02]} 48. Kc4 {[%clk 00:00:05]} Ke5 {[%clk 00:00:47]}
{[%emt 00:00:04]} 49. f3 {[%clk 00:00:05]} {[%emt 00:00:01]} Kf5 {[%clk
00:00:47]} {[%emt 00:00:02]} 50. Kb3 {[%clk 00:00:05]} {[%emt 00:00:02]} g5
{[%clk 00:00:43]} {[%emt 00:00:06]} 51. hxg5 {[%clk 00:00:05]} {[%emt
00:00:02]} Kxg5 {[%clk 00:00:43]} {[%emt 00:00:02]} 52. Ka4 {[%clk 00:00:06]}
{[%emt 00:00:01]} h4 {[%clk 00:00:42]} {[%emt 00:00:03]} 53. f4+ {[%clk
00:00:06]} {[%emt 00:00:03]} Kg4 {[%clk 00:00:43]} {[%emt 00:00:01]} 54. gxh4
{[%clk 00:00:06]} {[%emt 00:00:02]} Kxh4 {[%clk 00:00:43]} {[%emt 00:00:02]}
0-1

[Event "World Youth & Cadets Blitz Championships"]
[Site "Rhodes, Greece"]
[Date "2022.05.03"]
[Round "7.32"]
[White "Bordin, Silvia"]
[Black "Nurgali, Nazerke"]
[Result "0-1"]
[TimeControl "5'/game & 2\"/move"]
[WhiteElo "1552"]
[BlackElo "2016"]

1. e4 {[%clk 00:05:03]} c6 {[%clk 00:05:03]} {[%emt 00:00:01]} 2. d4 {[%clk
00:05:04]} d5 {[%clk 00:05:04]} {[%emt 00:00:02]} 3. e5 {[%clk 00:05:05]} Bf5
{[%clk 00:05:05]} {[%emt 00:00:02]} 4. h4 {[%clk 00:05:06]} {[%emt 00:00:01]}
h5 {[%clk 00:05:06]} {[%emt 00:00:01]} 5. c4 {[%clk 00:05:07]} {[%emt
00:00:01]} e6 {[%clk 00:05:06]} {[%emt 00:00:02]} 6. Nc3 {[%clk 00:05:07]}
{[%emt 00:00:01]} Bb4 {[%clk 00:04:58]} {[%emt 00:00:09]} 7. Nf3 {[%clk
00:04:30]} {[%emt 00:00:40]} Ne7 {[%clk 00:04:45]} {[%emt 00:00:15]} 8. cxd5
{[%clk 00:03:44]} {[%emt 00:00:48]} Nxd5 {[%clk 00:04:43]} {[%emt 00:00:04]} 9.
Bd2 {[%clk 00:03:45]} {[%emt 00:00:02]} Nd7 {[%clk 00:03:51]} {[%emt 00:00:54]}
10. Nxd5 {[%clk 00:03:31]} {[%emt 00:00:16]} Bxd2+ {[%clk 00:03:51]} {[%emt
00:00:01]} 11. Qxd2 {[%clk 00:03:30]} {[%emt 00:00:03]} exd5 {[%clk 00:03:27]}
{[%emt 00:00:26]} 12. Be2 {[%clk 00:03:21]} {[%emt 00:00:11]} Nf8 {[%clk
00:03:21]} {[%emt 00:00:09]} 13. Rc1 {[%clk 00:02:56]} {[%emt 00:00:27]} Ne6
{[%clk 00:03:19]} {[%emt 00:00:04]} 14. O-O {[%clk 00:02:45]} {[%emt 00:00:13]}
Bg4 {[%clk 00:03:06]} {[%emt 00:00:14]} 15. g3 {[%clk 00:02:40]} {[%emt
00:00:08]} O-O {[%clk 00:03:05]} {[%emt 00:00:03]} 16. Rfe1 {[%clk 00:02:38]}
{[%emt 00:00:03]} Qb6 {[%clk 00:02:53]} {[%emt 00:00:15]} 17. Red1 {[%clk
00:02:29]} {[%emt 00:00:11]} f6 {[%clk 00:02:44]} {[%emt 00:00:11]} 18. exf6
{[%clk 00:02:16]} {[%emt 00:00:16]} Rxf6 {[%clk 00:02:44]} {[%emt 00:00:01]} 19.
Ne5 {[%clk 00:01:54]} {[%emt 00:00:24]} Bxe2 {[%clk 00:02:36]} {[%emt
00:00:09]} 20. Qxe2 {[%clk 00:01:54]} {[%emt 00:00:02]} Nxd4 {[%clk 00:02:08]}
{[%emt 00:00:31]} 21. Qxh5 {[%clk 00:01:52]} {[%emt 00:00:04]} Rf5 {[%clk
00:01:29]} {[%emt 00:00:40]} 22. Nd7 {[%clk 00:01:35]} {[%emt 00:00:19]} Qxb2
{[%clk 00:01:12]} {[%emt 00:00:19]} 23. Qg4 {[%clk 00:00:51]} {[%emt 00:00:47]}
Qxf2+ {[%clk 00:01:12]} {[%emt 00:00:03]} 24. Kh1 {[%clk 00:00:52]} Ne2 {[%clk
00:00:50]} {[%emt 00:00:24]} 0-1